000 00702nam a22002177a 4500
003 OSt
005 20250708091338.0
008 250708b |||||||| |||| 00| 0 eng d
020 _a0-534-55998-0
040 _aDWC-Main Lib
_cOC
082 _aCirc. 371.2 L962 2000
100 _aLunenburg, Fred C.
245 _aEducational administration:
_b concepts and practices/
_cFred C. Lunenburg & Allan C. Ornstein
250 _aThird edition
260 _aUSA:
_bWadsworth,
_cc2000.
300 _axxi, 615 pages:
_billustrations;
_c24cm.
504 _aIncludes index.
650 _a1. School management and organization- United States.
700 _aOrnstein, Allan C.
942 _2ddc
_cBK-CIRC
_kCirc.
_n0
999 _c3490
_d3490